000 00226nam a2200109Ia 4500
100 _a#N/A
942 _cBK
654 _apspice
245 _aPSpice Using OrCAD for Circuits & Electronics
260 _b#N/A
546 _aENGLISH
999 _c29180
_d29180